Von der Vorstadt zum neuen Zentrum. (Titelsatznr. 372592)
[ MARC ]
| 000 -Satzkennung | |
|---|---|
| Kontrollfeld mit fester Länge | 00782nab a2200193 4500 |
| 001 - Kontrollnummer | |
| Kontrollfeld | 244442 |
| 003 - Kontrollnummer Identifier | |
| Kontrollfeld | OSt |
| 005 - Datum und Zeit der letzten Transaktion | |
| Kontrollfeld | 20230628161605.0 |
| 007 - Feld mit fester Länge zur physischen Beschreibung - Allgemeine Information | |
| Kontrollfeld mit fester Länge | tu |
| 008 - Feld mit fester Länge zur physischen Beschreibung - Allgemeine Angaben | |
| Kontrollfeld mit fester Länge | 200917s2020||||||| |
| 040 ## - Katalogisierungsquelle | |
| Original-Katalogisierungsstelle | DE-2950 |
| Übertragungsstelle | DE-2950 |
| 245 00 - Titel | |
| Titel | Von der Vorstadt zum neuen Zentrum. |
| Zusatz zum Titel | Stadtgeschichte. Das Grundstück an der Logenstraße, auf dem heute das Hauptpostgebäude steht, blickt auf eine bewegende Geschichte zurück. Im 19. Jahrhundert gehörte die Gegend am ehemaligen Gubener Stadttor zu den angesagtesten Adressen in Frankfurt. (Teil 1) / |
| Verfasserangabe etc. | von Ralf-Rüdiger Targiel |
| 264 ## - Produktion, Veröffentlichung, Distribution, Herstellung und Urheberrechtsvermerk | |
| Datum der Herstellung, der Veröffentlichung, des Vertriebs oder des Urheberschutzvermerks | 2023 |
| 653 ## - Indexierungsterm - Nicht normiert | |
| Nicht-normierter Term | Frankfurt (Oder) |
| 653 ## - Indexierungsterm - Nicht normiert | |
| Nicht-normierter Term | Wilhelmsplatz |
| 653 ## - Indexierungsterm - Nicht normiert | |
| Nicht-normierter Term | Geschichte |
| 773 0# - Übergeordnete Einheit | |
| Verknüpfungsangaben | 34. Jahrgang (2023) Nr. 142 vom 21.06.2023, S. 16: mit Foto |
| Titel | Märkische Oderzeitung |
| 942 ## - Zusätzliche Felder (Koha) | |
| Klassifikation oder Aufstellungssystematik | Andere/Generische Klassifikation |
| Koha-Medientyp | Aufsätze |
| Ausgeschieden | Verloren | Klassifikation oder Aufstellungssystematik | Beschädigt | Nicht entleihbar | Heimatbibliothek | Aufenthaltsbibliothek | Aufstellungsort | Erwerbungsdatum | Anzahl Ausleihen | Signatur | Letzte Aktivität | Preis gültig von | Koha-Medientyp |
|---|---|---|---|---|---|---|---|---|---|---|---|---|---|
| Andere/Generische Klassifikation | Stadtarchiv Frankfurt (Oder) | Archivbibliothek | Stadtarchiv Frankfurt (Oder) | Archivbibliothek | Magazin | 28/06/2023 | Z2 | 28/06/2023 | 28/06/2023 | Aufsätze |